|
|
|
|
| LEADER |
01137nam a22002657a 4500 |
| 001 |
ESSECO0310 |
| 003 |
BD-DhAAL |
| 005 |
20191029152552.0 |
| 008 |
191022t2019 bg a|||| |||| 00| 0 eng d |
| 999 |
|
|
|c 41665
|d 41665
|
| 040 |
|
|
|a BD-DhAAL
|
| 082 |
|
|
|a 330
|2 23
|
| 100 |
|
|
|a Amin, ATM Nurul
|9 36327
|
| 245 |
|
|
|a ECO 310 history of economic thought :
|b selected readings /
|c ATM Nurul Amin
|
| 260 |
|
|
|a Dhaka :
|b Brac University,
|c 2019
|
| 300 |
|
|
|a 158 pages :
|b illustrations ;
|c 29 cm
|
| 504 |
|
|
|a Includes bibliographical references.
|
| 526 |
|
|
|a ESS
|
| 541 |
|
|
|a Complimentary copy from ESS
|
| 650 |
|
|
|a Economics
|x History.
|9 36328
|
| 650 |
|
|
|a Economics.
|9 36329
|
| 852 |
|
|
|a Ayesha Abed Library
|c 1 hour loan
|
| 942 |
|
|
|2 ddc
|c BK
|
| 952 |
|
|
|0 0
|1 4
|2 ddc
|4 0
|6 330_000000000000000_AMI
|7 0
|9 66902
|a BRACUL
|b BRACUL
|c CIR
|d 2019-10-22
|e Complimentary copy from ESS
|l 0
|o 330 AMI
|p ESSECOA310
|r 2019-10-22
|t 1
|w 2019-10-22
|y 1HOUR
|x Koha Inventory 2020
|
| 952 |
|
|
|0 0
|1 4
|2 ddc
|4 0
|6 330_000000000000000_AMI
|7 0
|9 66903
|a BRACUL
|b BRACUL
|c CIR
|d 2019-10-22
|e Complimentary copy from ESS
|l 0
|o 330 AMI
|p ESSECOB310
|r 2019-10-22
|t 2
|w 2019-10-22
|y 1HOUR
|x Koha Inventory 2020
|